000
002820000a22001330004500
003
MACL
040
_a
MACL
090
_c
39648
_d
39646
100
_a
Mohl, Par Jules
245
_a
Le Liver Des Rois
260
_b
Imprimerie Nationale
650
_a
Literature
942
_c
BOOK
_k
800/MOH
999
_c
39216
_d
39216